| 000 | 00403nam a22001697a 4500 | ||
|---|---|---|---|
| 005 | 20160922142322.0 | ||
| 008 | 160922b xxu||||| |||| 00| 0 eng d | ||
| 020 | _a978-81-224-3379 | ||
| 041 | _aeng | ||
| 100 |
_aDUGGAL,S.K _93553 |
||
| 245 | _aBUILDING MATERIALS | ||
| 250 | _a4th | ||
| 260 |
_bNEW AGE INTERNATIONAL PUBLISHERS _c2015 |
||
| 300 | _a594 | ||
| 650 |
_aENGINEERING _93590 |
||
| 942 | _cBK | ||
| 999 |
_c5263 _d5261 |
||